00697nam a22001937a 4500003000500000005001700005008004100022020001800063050002400081100002100105245006000126250002300186260006100209300003300270650002400303942001400327999001700341952014500358OSt 20140310182440.0130312t xxu||||| |||| 00| 0 eng d a9781437719338 aRM 300 b.R196 2012 aRang, H.P.97895 aRang and Dale's pharmacology /cH.P. Rang ... [et.al.]  ainternational ed.  aEdinburgh, New York : bChurchill Livingstone, cc2012.  c28 cm. a28 cm.bill. col. ; aPharmacology.97300 2lcccSSLC c13506d13506 00102lcc40aSSLCbSSLCcSSLCd2013-03-12eDONATIONl2m10oRM 300 .R196 2012pSSLC0989r2018-05-15 00:00:00s2018-04-10t1w2013-11-06yBK